| 000 | 00564nam a2200181Ia 4500 | ||
|---|---|---|---|
| 999 |
_c15200 _d15200 |
||
| 003 | OSt | ||
| 005 | 20201020131136.0 | ||
| 008 | 190216s9999||||xx |||||||||||||| ||und|| | ||
| 020 | _a9788189059613 | ||
| 040 | _coclc | ||
| 082 |
_a891.409 _bSAT/E |
||
| 100 |
_aSatyanarayana, K _95764 |
||
| 245 | 0 |
_aThe Exercise Of Freedom An Introducton To Dalit Writing / _cK Satyanarayana ; Susie Tharu |
|
| 250 | _a1st Ed. | ||
| 260 |
_bNavayana Publishing , _c2013. _aNew Delhi: |
||
| 300 | _a183p | ||
| 942 |
_cBK _2ddc _h891.409 _iSAT/E _k891.409 _mSAT/E |
||